Global Investor Outlook 2016 (Record no. 115668)

MARC details
000 -LEADER
fixed length control field 00934cam a22002055a 4500
001 - CONTROL NUMBER
control field L159089
008 - FIXED-LENGTH DATA ELEMENTS--GENERAL INFORMATION
fixed length control field 160114s2016 xxk f 000 0 eng d
035 ## - SYSTEM CONTROL NUMBER
System control number (Sirsi) u159089
041 0# - LANGUAGE CODE
Language code of text/sound track or separate title eng
110 2# - MAIN ENTRY--CORPORATE NAME
Corporate name or jurisdiction name as entry element Colliers International
9 (RLIN) 5548
245 00 - TITLE STATEMENT
Title Global Investor Outlook 2016
Medium [electronic resource]
260 ## - PUBLICATION, DISTRIBUTION, ETC.
Place of publication, distribution, etc. [S.I]
Name of publisher, distributor, etc. [s.n]
Date of publication, distribution, etc. 2016
520 ## - SUMMARY, ETC.
Summary, etc. Based on the results of a survey of 600 investors in the Americas, EMEA and Asia provides market insight into the likely direction of commercial real estate investment in 2016 globally. Indicates that investors will wish to invest in real estate. Provides a global overview of predicted market trends and a regional breakdown.
590 ## - LOCAL NOTE (RLIN)
Local note NTK
651 #4 - SUBJECT ADDED ENTRY--GEOGRAPHIC NAME
Geographic name International
690 ## - LOCAL SUBJECT ADDED ENTRY--TOPICAL TERM (OCLC, RLIN)
Topical term or geographic name as entry element Investments
9 (RLIN) 6250
690 ## - LOCAL SUBJECT ADDED ENTRY--TOPICAL TERM (OCLC, RLIN)
Topical term or geographic name as entry element Commercial property
9 (RLIN) 6227
856 40 - ELECTRONIC LOCATION AND ACCESS
Uniform Resource Identifier <a href="https://www.colliers.com/en-GB/UK/insights/research-the-market">https://www.colliers.com/en-GB/UK/insights/research-the-market</a>
Public note View the report at www.colliers.com
942 ## - ADDED ENTRY ELEMENTS (KOHA)
Suppress in OPAC 0
Holdings
Withdrawn status Lost status Source of classification or shelving scheme Damaged status Not for loan Home library Current library Shelving location Date acquired Total Checkouts Full call number Barcode Date last seen Copy number Price effective from Koha item type
    Dewey Decimal Classification     Virtual Virtual Online 14/01/2016   ONLINE PUBLICATION 159089-2001 06/08/2019 1 06/08/2019 Book